[Event "Junior Online 4NCL Division 1"]
[Site "online"]
[Date "2020.04.16"]
[Round "1.38"]
[White "Moore, Eoin"]
[Black "Hobson, Kenneth"]
[Result "0-1"]
[WhiteElo "1735"]
[BlackElo "1765"]
[PlyCount "92"]
[EventDate "2020.04.16"]
[WhiteTeam "KJCA Young Kestrels A"]
[BlackTeam "Ojays A"]

1. d4 Nf6 2. c4 g6 3. Nc3 Bg7 4. e4 d6 5. Nge2 O-O 6. Ng3 e5 7. d5 a5 8. Be2
Nbd7 9. h4 h5 10. Bg5 Nc5 11. Bxh5 gxh5 12. Nxh5 Kh8 13. Qf3 Bg4 14. Bxf6 Bxf3
15. Bxd8 Bxh5 16. Bxc7 Nd3+ 17. Kf1 Rac8 18. Bxd6 Rfd8 19. Be7 Rd7 20. Ba3 Rxc4
21. f3 f6 22. g4 Be8 23. h5 Bh6 24. Ke2 Nf4+ 25. Kf2 b5 26. Ne2 Rc2 27. Rhe1
Nd3+ 28. Kf1 Nxe1 29. Kxe1 b4 30. Bxb4 axb4 31. a3 bxa3 32. Rxa3 Kg7 33. Ng3
Rb7 34. Ra6 Rbxb2 35. Nf5+ Kh7 36. Ra7+ Kh8 37. Ra1 Re2+ 38. Kf1 Rf2+ 39. Kg1
Bf4 40. Ne7 Be3 41. Ng6+ Bxg6 42. Ra8+ Kg7 43. Ra7+ Kh6 44. g5+ fxg5 45. Ra1
Rh2+ 46. Kf1 Rh1# 0-1

[Event "Junior Online 4NCL Division 1"]
[Site "online"]
[Date "2020.04.16"]
[Round "1.41"]
[White "Verma, Aditya"]
[Black "Clarke, Connor"]
[Result "1/2-1/2"]
[WhiteElo "2042"]
[BlackElo "2005"]
[PlyCount "94"]
[EventDate "2020.04.16"]
[WhiteTeam "Misty Minors 1"]
[BlackTeam "Forest Hall Dæmons"]

1. e4 Nf6 2. e5 Nd5 3. c4 Nb6 4. d4 d6 5. exd6 exd6 6. b3 Be7 7. Bb2 O-O 8. Nf3
Bg4 9. Be2 Bf6 10. O-O Nc6 11. h3 Bh5 12. Nbd2 Re8 13. Re1 a5 14. Rc1 a4 15.
Ba1 axb3 16. axb3 h6 17. d5 Bxa1 18. Rxa1 Nb4 19. Rxa8 Qxa8 20. Bf1 Na6 21.
Rxe8+ Qxe8 22. Qe2 Qd8 23. Qe3 Nc5 24. Nd4 Bg6 25. Be2 Ncd7 26. N2f3 Nf6 27.
Bd3 Bxd3 28. Qxd3 Nbd7 29. Qe3 Nc5 30. Nd2 Qe8 31. Qxe8+ Nxe8 32. Nb5 Kf8 33.
Kf1 Ke7 34. Ke2 Kd7 35. Nd4 g6 36. Ke3 Nf6 37. f3 c6 38. dxc6+ bxc6 39. b4 Na6
40. b5 cxb5 41. Nxb5 d5 42. cxd5 Nxd5+ 43. Kf2 Nc5 44. Nd4 Kd6 45. Nc4+ Ke7 46.
Ne5 Kf6 47. Ng4+ Kg7 1/2-1/2

[Event "Junior Online 4NCL Division 1"]
[Site "online"]
[Date "2020.04.16"]
[Round "1.42"]
[White "Macdonald, Ciaran"]
[Black "Tombolis, Christopher"]
[Result "0-1"]
[WhiteElo "1712"]
[BlackElo "2050"]
[PlyCount "100"]
[EventDate "2020.04.16"]
[WhiteTeam "Forest Hall Dæmons"]
[BlackTeam "Misty Minors 1"]

1. d4 d5 2. c4 e6 3. Nf3 Nf6 4. g3 Be7 5. Bg2 O-O 6. O-O dxc4 7. Qc2 a6 8. a4
Bd7 9. Qxc4 Bc6 10. Rd1 b5 11. Qc2 Be4 12. Qb3 b4 13. Nbd2 Bd5 14. Qd3 Bb7 15.
b3 h6 16. Bb2 a5 17. Rac1 Nbd7 18. Nc4 Nb6 19. Nfe5 Bxg2 20. Kxg2 Nxc4 21. Qxc4
Rc8 22. Nc6 Qd7 23. Nxa5 Rfd8 24. Nc6 Re8 25. Nxb4 Bxb4 26. Qxb4 Qd5+ 27. f3
Rb8 28. Qc4 Rxb3 29. Rd2 Qxc4 30. Rxc4 Nd5 31. Kf2 Reb8 32. Ba1 Rb1 33. Ra2 Rd1
34. a5 Rbb1 35. a6 Rf1+ 36. Kg2 Ne3+ 37. Kh3 Nxc4 38. a7 Nb6 39. Bc3 Rfc1 40.
Ba5 Na8 41. Bd2 Rc4 42. Bf4 Rb7 43. Ra6 Rxd4 44. Be3 Rdb4 45. g4 Kh7 46. Kg3
Rb3 47. Bd4 Rb1 48. h4 Rd1 49. Be3 Rd6 50. g5 Rxa6 0-1

[Event "Junior Online 4NCL Division 1"]
[Site "online"]
[Date "2020.04.16"]
[Round "1.43"]
[White "Akeya-Price, Robert"]
[Black "Wall, John (jnr)"]
[Result "1-0"]
[WhiteElo "1960"]
[BlackElo "1705"]
[PlyCount "53"]
[EventDate "2020.04.16"]
[WhiteTeam "Misty Minors 1"]
[BlackTeam "Forest Hall Dæmons"]

1. d4 e6 2. c4 f5 3. Nf3 Nf6 4. g3 Be7 5. Bg2 O-O 6. O-O d5 7. b3 c6 8. Bb2 Ne4
9. Nbd2 Nd7 10. Ne1 Ndf6 11. Nd3 g5 12. e3 Qe8 13. Rc1 Qg6 14. Ne5 Qe8 15. f3
Nd6 16. Qe2 Qh5 17. c5 Nf7 18. Nd3 g4 19. Nf4 Qg5 20. b4 h5 21. e4 h4 22. exf5
Qxf5 23. fxg4 Qxg4 24. Qxg4+ Nxg4 25. Bh3 Ne3 26. Rfe1 Nf5 27. Bxf5 1-0

[Event "Junior Online 4NCL Division 1"]
[Site "online"]
[Date "2020.04.16"]
[Round "1.44"]
[White "French, Morgan"]
[Black "Gogia, Armaan"]
[Result "1/2-1/2"]
[WhiteElo "1637"]
[BlackElo "1967"]
[PlyCount "110"]
[EventDate "2020.04.16"]
[WhiteTeam "Forest Hall Dæmons"]
[BlackTeam "Misty Minors 1"]

1. d4 Nf6 2. c4 g6 3. Nc3 Bg7 4. Bf4 d6 5. Nf3 O-O 6. h3 c6 7. e3 Nbd7 8. Be2
a6 9. O-O b5 10. a3 Bb7 11. Rc1 Rc8 12. Re1 Qb6 13. Qb3 bxc4 14. Bxc4 c5 15. d5
Qxb3 16. Bxb3 c4 17. Ba2 Nxd5 18. Nxd5 Bxd5 19. Rc2 Bxf3 20. gxf3 Nb6 21. e4
Na4 22. Bxc4 Nxb2 23. Rec1 Rc5 24. Bxa6 Ra8 25. Rxc5 dxc5 26. Rxc5 Na4 27. Rc8+
Rxc8 28. Bxc8 Bb2 29. Bd7 Nc5 30. Bb5 Bxa3 31. Kg2 Ne6 32. Be3 Kg7 33. Bd7 Nc7
34. f4 Bb2 35. Bb6 Na6 36. Kf3 Nb4 37. Bc5 Nd3 38. Bb5 Nxc5 39. e5 Ne6 40. Bc4
Ba3 41. Ke4 Bc5 42. f3 Nd8 43. Kd5 Be3 44. Ke4 Bc1 45. f5 gxf5+ 46. Kxf5 Nc6
47. Bd5 e6+ 48. Bxe6 fxe6+ 49. Kxe6 Nd4+ 50. Kd6 Ba3+ 51. Kd7 Nxf3 52. e6 Kf6
53. h4 Be7 54. h5 h6 55. Ke8 Kxe6 1/2-1/2

[Event "Junior Online 4NCL Division 1"]
[Site "online"]
[Date "2020.04.16"]
[Round "1.45"]
[White "Clarke, Connor"]
[Black "Verma, Aditya"]
[Result "0-1"]
[WhiteElo "2005"]
[BlackElo "2042"]
[PlyCount "92"]
[EventDate "2020.04.16"]
[WhiteTeam "Forest Hall Dæmons"]
[BlackTeam "Misty Minors 1"]

1. d4 d5 2. Nc3 Nf6 3. Bf4 c5 4. e3 cxd4 5. exd4 a6 6. Nf3 Nc6 7. Ne5 Bf5 8.
Nxc6 bxc6 9. Bd3 Bg6 10. O-O e6 11. Qe2 Be7 12. Rab1 a5 13. Na4 O-O 14. Bxg6
hxg6 15. Rfe1 Ne4 16. f3 Nd6 17. Bxd6 Bxd6 18. b3 Qh4 19. g3 Qxd4+ 20. Qf2
Qxf2+ 21. Kxf2 Rab8 22. Red1 f5 23. c4 Kf7 24. cxd5 cxd5 25. Rbc1 Rfc8 26. Ke2
Ke7 27. Nb2 Ba3 28. Rxc8 Rxc8 29. Nd3 Bd6 30. f4 Kf6 31. Rc1 Rxc1 32. Nxc1 g5
33. fxg5+ Kxg5 34. Nd3 e5 35. Nf2 e4 36. Nd1 d4 37. Nf2 d3+ 38. Kd1 Bc5 39.
Nh3+ Kg4 40. Nf4 g5 41. Ne6 Bb4 42. a4 e3 43. Nd4 e2+ 44. Nxe2 dxe2+ 45. Kxe2
Kh3 46. Kf3 Kxh2 0-1

[Event "Junior Online 4NCL Division 1"]
[Site "online"]
[Date "2020.04.16"]
[Round "1.46"]
[White "Tombolis, Christopher"]
[Black "Macdonald, Ciaran"]
[Result "0-1"]
[WhiteElo "2050"]
[BlackElo "1712"]
[PlyCount "102"]
[EventDate "2020.04.16"]
[WhiteTeam "Misty Minors 1"]
[BlackTeam "Forest Hall Dæmons"]

1. d4 d5 2. c4 c6 3. Nf3 Nf6 4. Nc3 dxc4 5. a4 Bf5 6. e3 e6 7. Bxc4 Bb4 8. O-O
O-O 9. Qe2 Bg6 10. h3 Nbd7 11. Bd2 Qe7 12. Nh4 e5 13. Nxg6 hxg6 14. Na2 Bd6 15.
Bc3 Rfe8 16. dxe5 Nxe5 17. Bb3 Ne4 18. Rad1 Rad8 19. f4 Nd7 20. Bd4 Ng3 21. Qg4
Nxf1 22. Rxf1 c5 23. Bc3 Qxe3+ 24. Kh1 Qe2 25. Rf3 c4 26. Nc1 Qe4 27. Ba2 Nc5
28. Rf1 Nxa4 29. Qg5 Nxc3 30. bxc3 f6 31. Qb5 Bxf4 32. Bxc4+ Kh7 33. Bd3 Qe5
34. Qxb7 Bxc1 35. Qb1 Rxd3 36. Qxd3 Bh6 37. Qf3 Qe2 38. Qxe2 Rxe2 39. Ra1 Be3
40. c4 Rc2 41. Ra3 Bb6 42. Ra4 g5 43. Rb4 Kg6 44. g4 f5 45. gxf5+ Kxf5 46. Rb5+
Kf4 47. Rb4 Kg3 48. Rb3+ Kf2 49. c5 Rc1+ 50. Kh2 Bc7+ 51. Rg3 Bxg3# 0-1

[Event "Junior Online 4NCL Division 1"]
[Site "online"]
[Date "2020.04.16"]
[Round "1.47"]
[White "Wall, John (jnr)"]
[Black "Akeya-Price, Robert"]
[Result "0-1"]
[WhiteElo "1705"]
[BlackElo "1960"]
[PlyCount "88"]
[EventDate "2020.04.16"]
[WhiteTeam "Forest Hall Dæmons"]
[BlackTeam "Misty Minors 1"]

1. d4 Nf6 2. Bf4 e6 3. e3 c5 4. c3 b6 5. Nd2 Bb7 6. Ngf3 Be7 7. Bd3 d6 8. Qe2
Nbd7 9. h3 Rc8 10. O-O O-O 11. e4 Re8 12. Bh2 Nf8 13. Rfd1 cxd4 14. cxd4 Ng6
15. Rac1 Rxc1 16. Rxc1 Qa8 17. a3 Rc8 18. Rxc8+ Qxc8 19. Qd1 Bc6 20. b4 Qd7 21.
Qc2 d5 22. e5 Ne8 23. Qb1 Bb5 24. Qf1 Bxd3 25. Qxd3 Nc7 26. Nb3 Qb5 27. Qc2 Qc4
28. Qd1 Nb5 29. Nbd2 Qd3 30. Qa4 Nxd4 31. Nxd4 Qxd4 32. Qc2 Nxe5 33. Bxe5 Qxe5
34. Qc8+ Bf8 35. Nf3 Qa1+ 36. Kh2 Qxa3 37. Ne5 Qxb4 38. Nd7 Qd6+ 39. g3 b5 40.
Nb8 a5 41. Nc6 a4 42. Qa8 a3 43. Nd4 b4 44. Nb5 Qc5 0-1

[Event "Junior Online 4NCL Division 1"]
[Site "online"]
[Date "2020.04.16"]
[Round "1.48"]
[White "Gogia, Armaan"]
[Black "French, Morgan"]
[Result "1-0"]
[WhiteElo "1967"]
[BlackElo "1637"]
[PlyCount "135"]
[EventDate "2020.04.16"]
[WhiteTeam "Misty Minors 1"]
[BlackTeam "Forest Hall Dæmons"]

1. e4 e5 2. Nf3 Nc6 3. Bb5 Nf6 4. Nc3 d6 5. d4 exd4 6. Nxd4 Bd7 7. O-O Be7 8.
Be3 O-O 9. Nxc6 Bxc6 10. Bxc6 bxc6 11. f3 Re8 12. Qd2 d5 13. exd5 cxd5 14. Rad1
c6 15. Rfe1 a5 16. Bf2 Rb8 17. b3 Bb4 18. Rxe8+ Qxe8 19. Qd3 Qd7 20. Na4 Re8
21. c3 Bd6 22. c4 Rd8 23. cxd5 Nxd5 24. Kh1 Qc7 25. g3 Rd7 26. Nc3 Nxc3 27.
Qxc3 Bb4 28. Qc2 Rxd1+ 29. Qxd1 h6 30. Kg2 c5 31. Qd5 Kf8 32. g4 Kg8 33. g5
hxg5 34. Qxg5 c4 35. Bd4 Bf8 36. Qc1 f6 37. Qxc4+ Qxc4 38. bxc4 Kf7 39. Kf2 Ke6
40. Ke3 Bb4 41. Bb6 Kd7 42. Ke4 Ke6 43. c5 f5+ 44. Kd4 Kd7 45. Ke5 Kc6 46. Kxf5
Bxc5 47. Bxc5 Kxc5 48. Kg6 Kb4 49. Kxg7 Ka3 50. f4 Kxa2 51. f5 Kb3 52. f6 a4
53. f7 a3 54. f8=Q a2 55. Qf6 Kc2 56. Qa1 Kb3 57. h4 Ka3 58. h5 Kb3 59. h6 Ka3
60. h7 Kb3 61. h8=Q Ka3 62. Qa8+ Kb4 63. Qb2+ Kc4 64. Qc8+ Kd5 65. Qd2+ Ke5 66.
Qe8+ Kf5 67. Qf2+ Kg5 68. Qg6# 1-0

[Event "Junior Online 4NCL Division 1"]
[Site "online"]
[Date "2020.04.16"]
[Round "1.51"]
[White "Patel, Devan"]
[Black "Badacsonyi, Frankie"]
[Result "1-0"]
[WhiteElo "1915"]
[BlackElo "1600"]
[PlyCount "91"]
[EventDate "2020.04.16"]
[WhiteTeam "Misty Minors 2"]
[BlackTeam "Muswell Masters"]

1. d4 e6 2. Nc3 b6 3. Bf4 Bb7 4. e4 Bb4 5. Bd3 Nf6 6. Qe2 c5 7. a3 cxd4 8. axb4
dxc3 9. bxc3 d5 10. e5 Ne4 11. Qg4 g6 12. Ne2 Qc7 13. Ra3 Nd7 14. f3 Nxe5 15.
Bxe5 Qxe5 16. fxe4 dxe4 17. Ba6 Bd5 18. Qf4 Qh5 19. Ng3 e5 20. Nxh5 exf4 21.
Bb5+ Ke7 22. Nxf4 Bb7 23. Ne2 e3 24. O-O Rhd8 25. c4 Rd2 26. Rxe3+ Kf8 27. Nf4
g5 28. Nd5 Bxd5 29. cxd5 Rxd5 30. Bc4 Rd7 31. Ref3 Rc8 32. Rxf7+ Rxf7 33. Bxf7
Kg7 34. Bb3 a5 35. bxa5 bxa5 36. Rf7+ Kg6 37. Rb7 Ra8 38. Rb6+ Kg7 39. Ba4 Ra7
40. Rb5 h6 41. h3 Kg6 42. c4 Rc7 43. c5 Ra7 44. c6 Kf6 45. Rb7 Ra6 46. c7 1-0

[Event "Junior Online 4NCL Division 1"]
[Site "online"]
[Date "2020.04.16"]
[Round "1.52"]
[White "Bird, Max"]
[Black "Yu, Leo"]
[Result "0-1"]
[WhiteElo "1660"]
[BlackElo "1787"]
[PlyCount "84"]
[EventDate "2020.04.16"]
[WhiteTeam "Muswell Masters"]
[BlackTeam "Misty Minors 2"]

1. c4 c6 2. Nf3 e6 3. Nc3 d5 4. cxd5 exd5 5. d3 Nf6 6. Bg5 Be7 7. Qd2 Be6 8. g3
Nbd7 9. Bg2 Bb4 10. a3 Qa5 11. O-O Be7 12. b4 Qd8 13. Rac1 O-O 14. Na4 b5 15.
Nb2 Qb6 16. Be3 Qb7 17. Nd4 Rac8 18. Nxe6 fxe6 19. Rc2 c5 20. bxc5 Bxc5 21.
Bxc5 Nxc5 22. Rfc1 Nb3 23. Qd1 Nxc1 24. Qxc1 Rxc2 25. Qxc2 Rc8 26. Qd2 Qb6 27.
h3 a5 28. e4 d4 29. h4 e5 30. Bh3 Rc3 31. a4 bxa4 32. Nxa4 Qb1+ 33. Kg2 Rxd3
34. Qxa5 Qb8 35. Be6+ Kh8 36. Qc5 Nxe4 37. Qc4 Rd2 38. Nb6 Rxf2+ 39. Kh3 Rf3
40. Qd5 Rxg3+ 41. Kh2 Re3 42. Nd7 Qb2+ 0-1

[Event "Junior Online 4NCL Division 1"]
[Site "online"]
[Date "2020.04.16"]
[Round "1.53"]
[White "Stewart, Lilya"]
[Black "Badacsonyi, Stanley"]
[Result "0-1"]
[WhiteElo "1682"]
[BlackElo "1300"]
[PlyCount "70"]
[EventDate "2020.04.16"]
[WhiteTeam "Misty Minors 2"]
[BlackTeam "Muswell Masters"]

1. e4 e5 2. Nf3 Nc6 3. Bb5 Nf6 4. O-O d6 5. h3 Be7 6. Re1 a6 7. Ba4 b5 8. Bb3
Bb7 9. c3 O-O 10. d4 exd4 11. cxd4 Re8 12. Nbd2 Bf8 13. Bc2 g6 14. a3 Bg7 15.
Nf1 Na5 16. Ng3 Nc4 17. Bg5 Qd7 18. Rb1 Rac8 19. Qd3 c5 20. a4 cxd4 21. Nxd4
bxa4 22. Nf3 Ne5 23. Nxe5 Rxe5 24. Bf4 Ree8 25. Qxd6 Qxd6 26. Bxd6 Rxc2 27. Ba3
Re6 28. Rbd1 h5 29. Rd4 Nxe4 30. Rxa4 Nxg3 31. Rxe6 fxe6 32. fxg3 Rxg2+ 33. Kf1
Rxg3 34. Rb4 Bd5 35. Rb8+ Kh7 0-1

[Event "Junior Online 4NCL Division 1"]
[Site "online"]
[Date "2020.04.16"]
[Round "1.54"]
[White "Pollack, Maximo"]
[Black "Shchepinova, Polina"]
[Result "0-1"]
[WhiteElo "1262"]
[BlackElo "1682"]
[PlyCount "102"]
[EventDate "2020.04.16"]
[WhiteTeam "Muswell Masters"]
[BlackTeam "Misty Minors 2"]

1. d4 Nf6 2. c4 g6 3. Nc3 d5 4. Bf4 Bg7 5. e3 O-O 6. Nf3 b6 7. b4 c5 8. bxc5
bxc5 9. dxc5 Ne4 10. Nxe4 Bxa1 11. Neg5 Bc3+ 12. Nd2 dxc4 13. Bxc4 Bxd2+ 14.
Qxd2 Qxd2+ 15. Kxd2 Bf5 16. Bd5 Rd8 17. e4 Be6 18. Ke3 Bxd5 19. exd5 Rxd5 20.
Rc1 Nc6 21. Ke4 Rad8 22. Nf3 f5+ 23. Ke3 e5 24. Bg5 Rd3+ 25. Ke2 e4 26. Bxd8
Rxd8 27. Ng5 Nd4+ 28. Ke3 h6 29. Nh3 Ne6 30. f4 Rc8 31. c6 Nd8 32. c7 Ne6 33.
Rc6 Kf7 34. Nf2 Nxc7 35. g4 Nd5+ 36. Kd4 Rxc6 37. Kxd5 Rc2 38. Nxe4 fxe4 39.
Kxe4 Rxa2 40. h4 Rb2 41. Ke5 a5 42. g5 hxg5 43. hxg5 a4 44. f5 gxf5 45. Kxf5 a3
46. g6+ Kg7 47. Kg5 a2 48. Kf5 a1=Q 49. Kg5 Qf1 50. Kh5 Rg2 51. Kh4 Qh1# 0-1

[Event "Junior Online 4NCL Division 1"]
[Site "online"]
[Date "2020.04.16"]
[Round "1.55"]
[White "Badacsonyi, Frankie"]
[Black "Patel, Devan"]
[Result "1/2-1/2"]
[WhiteElo "1600"]
[BlackElo "1915"]
[PlyCount "57"]
[EventDate "2020.04.16"]
[WhiteTeam "Muswell Masters"]
[BlackTeam "Misty Minors 2"]

1. d4 Nf6 2. Bg5 d5 3. Bxf6 gxf6 4. e3 c5 5. c3 Nc6 6. Nf3 Bf5 7. Bd3 Qd7 8.
Bc2 Rg8 9. Bxf5 Qxf5 10. O-O e6 11. Kh1 Bd6 12. dxc5 Bxc5 13. Nd4 Bxd4 14. exd4
Qg4 15. Qxg4 Rxg4 16. Na3 a6 17. Nc2 Ke7 18. Ne3 Rg6 19. Rfe1 Kd7 20. Rad1 Ne7
21. g3 Nc8 22. b3 Nd6 23. c4 Ne4 24. Kg2 Kd6 25. cxd5 Nc3 26. Rd2 Nxd5 27. Nc4+
Kd7 28. Kf1 b5 29. Ne3 1/2-1/2

[Event "Junior Online 4NCL Division 1"]
[Site "online"]
[Date "2020.04.16"]
[Round "1.56"]
[White "Yu, Leo"]
[Black "Bird, Max"]
[Result "1-0"]
[WhiteElo "1787"]
[BlackElo "1660"]
[PlyCount "105"]
[EventDate "2020.04.16"]
[WhiteTeam "Misty Minors 2"]
[BlackTeam "Muswell Masters"]

1. e4 c6 2. d4 d5 3. Nc3 dxe4 4. Nxe4 Bf5 5. Ng3 Bg6 6. h4 h6 7. Nf3 Nf6 8. Ne5
Bh7 9. Bc4 e6 10. Qe2 Nbd7 11. Nxf7 Qe7 12. Nxh8 Nb6 13. Bd3 Bxd3 14. Qxd3
O-O-O 15. Ng6 Qf7 16. Nxf8 Qxf8 17. O-O Qd6 18. Rd1 Nbd5 19. a3 Ng4 20. c4 Nf4
21. Qe4 Rf8 22. c5 Qc7 23. Bxf4 Rxf4 24. Qxe6+ Kb8 25. Qe8+ Qc8 26. Qxc8+ Kxc8
27. Rd2 Kd7 28. Re1 Nf6 29. f3 Rxh4 30. Ne4 Nxe4 31. Rxe4 Rxe4 32. fxe4 Ke6 33.
d5+ cxd5 34. exd5+ Ke7 35. c6 bxc6 36. dxc6 h5 37. c7 h4 38. c8=B h3 39. Bxh3
g5 40. Bg4 a5 41. b4 axb4 42. axb4 Kf6 43. b5 Ke5 44. b6 Kf4 45. b7 Kxg4 46.
b8=Q Kf5 47. Qf8+ Kg6 48. Rd6+ Kh5 49. Qh8+ Kg4 50. Qd4+ Kh5 51. Qd1+ Kh4 52.
Rd4+ Kg3 53. Qf3# 1-0

[Event "Junior Online 4NCL Division 1"]
[Site "online"]
[Date "2020.04.16"]
[Round "1.57"]
[White "Badacsonyi, Stanley"]
[Black "Stewart, Lilya"]
[Result "1/2-1/2"]
[WhiteElo "1300"]
[BlackElo "1682"]
[PlyCount "58"]
[EventDate "2020.04.16"]
[WhiteTeam "Muswell Masters"]
[BlackTeam "Misty Minors 2"]

1. e4 c5 2. Nc3 Nc6 3. f4 g6 4. Nf3 e6 5. Bc4 d6 6. d3 Nge7 7. O-O Bg7 8. Qe1
O-O 9. Qh4 Nd4 10. Ng5 h6 11. Nf3 Nxc2 12. Rb1 Nd4 13. f5 Nxf3+ 14. Rxf3 g5 15.
Bxg5 hxg5 16. Qxg5 Nxf5 17. Qxd8 Rxd8 18. exf5 d5 19. Bb3 a6 20. fxe6 fxe6 21.
Na4 Bd4+ 22. Kh1 b5 23. Nc3 c4 24. dxc4 bxc4 25. Bc2 Rd7 26. Rbf1 Bb7 27. Rf4
Be5 28. Rg4+ Rg7 29. Rxg7+ Kxg7 1/2-1/2

[Event "Junior Online 4NCL Division 1"]
[Site "online"]
[Date "2020.04.16"]
[Round "1.58"]
[White "Shchepinova, Polina"]
[Black "Pollack, Maximo"]
[Result "1-0"]
[WhiteElo "1682"]
[BlackElo "1262"]
[PlyCount "34"]
[EventDate "2020.04.16"]
[WhiteTeam "Misty Minors 2"]
[BlackTeam "Muswell Masters"]

1. e4 c6 2. d4 d5 3. Nd2 dxe4 4. Nxe4 Bf5 5. Ng3 Qd7 6. Nxf5 Qxf5 7. Bd3 Qd7 8.
Nf3 f5 9. Ne5 Qxd4 10. Qh5+ g6 11. Nxg6 Qf6 12. Nxh8+ Kd8 13. Nf7+ Kc8 14.
Bxf5+ Kc7 15. Bf4+ Kb6 16. Be5 Qh6 17. Nxh6 Bxh6 1-0

[Event "Junior Online 4NCL Division 1"]
[Site "online"]
[Date "2020.04.16"]
[Round "1.61"]
[White "Chung, Joel"]
[Black "Ther, Mate"]
[Result "0-1"]
[WhiteElo "1660"]
[BlackElo "2080"]
[PlyCount "50"]
[EventDate "2020.04.16"]
[WhiteTeam "Young Dragons"]
[BlackTeam "Hull and Friends 1"]

1. e4 e5 2. Nf3 Nc6 3. Bc4 Bc5 4. c3 Nf6 5. d4 exd4 6. cxd4 Bb4+ 7. Nc3 Nxe4 8.
O-O Bxc3 9. d5 Ne5 10. bxc3 Nxc4 11. Re1 Ncd6 12. Nd2 f5 13. f3 O-O 14. fxe4
fxe4 15. Nxe4 Nxe4 16. Rxe4 d6 17. Qh5 Bf5 18. Rf4 Bg6 19. Rxf8+ Qxf8 20. Qe2
Re8 21. Qd1 Bc2 22. Qd2 Qf5 23. c4 Bd3 24. Bb2 Re2 25. Qc3 Qf2+ 0-1

[Event "Junior Online 4NCL Division 1"]
[Site "online"]
[Date "2020.04.16"]
[Round "1.62"]
[White "Varley, Joe"]
[Black "Davies, Milo"]
[Result "1-0"]
[WhiteElo "1795"]
[BlackElo "1555"]
[PlyCount "81"]
[EventDate "2020.04.16"]
[WhiteTeam "Hull and Friends 1"]
[BlackTeam "Young Dragons"]

1. e4 d5 2. exd5 Qxd5 3. Nc3 Qa5 4. d4 Nf6 5. Nf3 Bf5 6. Bd2 e6 7. Bc4 c6 8.
O-O Be7 9. Nd5 Qd8 10. Nxe7 Qxe7 11. a3 O-O 12. Bb4 Qe8 13. h3 Qd8 14. Bxf8
Kxf8 15. Qd2 Nbd7 16. Qb4+ Kg8 17. Bb3 b5 18. Rad1 a5 19. Qd2 a4 20. Ba2 Nb6
21. Ne5 Nbd5 22. c3 Qd6 23. Rfe1 h6 24. c4 bxc4 25. Bxc4 Rb8 26. f3 Nd7 27. Re2
f6 28. Nxd7 Qxd7 29. Bxd5 cxd5 30. Qf4 Rb3 31. Rde1 Qb7 32. g4 g5 33. Qd6 Rb6
34. Qd8+ Kg7 35. gxf5 Rxb2 36. Rxe6 Rg2+ 37. Kxg2 Qb2+ 38. R1e2 Qxe2+ 39. Rxe2
h5 40. Re7+ Kh6 41. Qh8# 1-0

[Event "Junior Online 4NCL Division 1"]
[Site "online"]
[Date "2020.04.16"]
[Round "1.63"]
[White "Davies, Tom"]
[Black "Farley, Zak"]
[Result "1-0"]
[WhiteElo "1517"]
[BlackElo "1735"]
[PlyCount "41"]
[EventDate "2020.04.16"]
[WhiteTeam "Young Dragons"]
[BlackTeam "Hull and Friends 1"]

1. c4 Nf6 2. Nc3 e6 3. Nf3 Bb4 4. d3 d5 5. a3 Bxc3+ 6. bxc3 O-O 7. cxd5 Nxd5 8.
c4 Nf6 9. g3 c6 10. Bg2 Nbd7 11. O-O h6 12. Rb1 Qe7 13. a4 a6 14. Rb3 Qd8 15.
Ba3 Re8 16. Bd6 Nb6 17. c5 Nxa4 18. Ra3 b5 19. Ne5 Bd7 20. Nxc6 Nd5 21. Nxd8
1-0

[Event "Junior Online 4NCL Division 1"]
[Site "online"]
[Date "2020.04.16"]
[Round "1.64"]
[White "Triffitt, Bradley"]
[Black "Jaberansari, Benjamin"]
[Result "1-0"]
[WhiteElo "1495"]
[BlackElo "1405"]
[PlyCount "79"]
[EventDate "2020.04.16"]
[WhiteTeam "Hull and Friends 1"]
[BlackTeam "Young Dragons"]

1. d4 Nf6 2. c4 g6 3. Nc3 Bg7 4. Nf3 O-O 5. e4 d6 6. Bg5 Nfd7 7. Qd2 Qe8 8. Bd3
e5 9. d5 Nc5 10. O-O Bg4 11. b4 Bxf3 12. bxc5 Bg4 13. cxd6 cxd6 14. Nb5 Qd7 15.
Qb4 f6 16. Be3 Na6 17. Qa3 Rfd8 18. c5 Bf8 19. c6 bxc6 20. dxc6 Qxc6 21. Rac1
Qb7 22. Nxa7 Nc5 23. Bc4+ Kg7 24. Bd5 Qb8 25. Bxa8 Qxa8 26. Rb1 Nxe4 27. f3 Nc5
28. fxg4 Ne4 29. g5 fxg5 30. Qa4 Rb8 31. Qxe4 Qxe4 32. Kf2 Qd3 33. Rxb8 Qc2+
34. Kg3 Qxa2 35. Rbxf8 Kh6 36. h4 Qa6 37. Bxg5+ Kh5 38. R8f7 Qd3+ 39. R1f3 Qd5
40. Rxh7# 1-0

[Event "Junior Online 4NCL Division 1"]
[Site "online"]
[Date "2020.04.16"]
[Round "1.65"]
[White "Ther, Mate"]
[Black "Chung, Joel"]
[Result "1-0"]
[WhiteElo "2080"]
[BlackElo "1660"]
[PlyCount "55"]
[EventDate "2020.04.16"]
[WhiteTeam "Hull and Friends 1"]
[BlackTeam "Young Dragons"]

1. e4 f5 2. d3 fxe4 3. dxe4 d6 4. Bc4 Nf6 5. Nc3 Nc6 6. Nge2 e5 7. O-O Be7 8.
a4 Bg4 9. f3 Bh5 10. Be3 Bg6 11. Ng3 Qd7 12. Rb1 Nh5 13. Nf5 Bxf5 14. exf5 Qxf5
15. g4 Qd7 16. gxh5 Qh3 17. Nd5 Kd7 18. f4 g6 19. h6 Na5 20. Ba2 g5 21. fxe5 g4
22. e6+ Kd8 23. Qd4 Rg8 24. Qg7 Re8 25. Qxe7+ Rxe7 26. Rf8+ Re8 27. Bg5+ Kc8
28. Rxe8# 1-0

[Event "Junior Online 4NCL Division 1"]
[Site "online"]
[Date "2020.04.16"]
[Round "1.66"]
[White "Davies, Milo"]
[Black "Varley, Joe"]
[Result "0-1"]
[WhiteElo "1555"]
[BlackElo "1795"]
[PlyCount "67"]
[EventDate "2020.04.16"]
[WhiteTeam "Young Dragons"]
[BlackTeam "Hull and Friends 1"]

1. e4 e5 2. Nf3 Nc6 3. Bc4 Bc5 4. c3 Nf6 5. d4 exd4 6. e5 d5 7. Bb5 Ne4 8. cxd4
Bb4+ 9. Nbd2 O-O 10. O-O Bg4 11. h3 Nxd2 12. Bxd2 Bxf3 13. gxf3 Bxd2 14. Qxd2
Qh4 15. Bxc6 bxc6 16. Kh2 f6 17. e6 f5 18. Rac1 Rf6 19. Rxc6 Rh6 20. Qxh6 Qxh6
21. Re1 Qd2 22. Rf1 Qe2 23. Kg2 Re8 24. Rxc7 Rxe6 25. Rxa7 Rg6+ 26. Kh2 Qxf1
27. Ra8+ Kf7 28. Ra7+ Kf6 29. Ra6+ Kg5 30. Rxg6+ hxg6 31. b4 Qxf2+ 32. Kh1 Kh4
33. b5 Kg3 34. b6 0-1

[Event "Junior Online 4NCL Division 1"]
[Site "online"]
[Date "2020.04.16"]
[Round "1.67"]
[White "Farley, Zak"]
[Black "Davies, Tom"]
[Result "1-0"]
[WhiteElo "1735"]
[BlackElo "1517"]
[PlyCount "109"]
[EventDate "2020.04.16"]
[WhiteTeam "Hull and Friends 1"]
[BlackTeam "Young Dragons"]

1. c4 e5 2. Nc3 Nf6 3. e3 Nc6 4. Nge2 Bb4 5. g3 O-O 6. Bg2 b6 7. O-O Bb7 8. d4
exd4 9. exd4 Bxc3 10. Nxc3 Na5 11. Bxb7 Nxb7 12. Bg5 Nd6 13. Nd5 Nxc4 14. Qf3
Nd2 15. Bxd2 Nxd5 16. Qxd5 Qf6 17. Qe5 Qc6 18. Bc3 Rfe8 19. Qg5 h6 20. Qd2 Qf3
21. Rfe1 Re6 22. Rxe6 fxe6 23. Re1 Rf8 24. Qe3 Qc6 25. Qe5 Rf7 26. Qe4 Qc4 27.
a3 c6 28. Qe2 Qa4 29. Qg4 Qc2 30. Qe4 Qa4 31. d5 Qxe4 32. Rxe4 cxd5 33. Ra4 a5
34. Kg2 Kh7 35. b4 axb4 36. Rxb4 d6 37. Rxb6 Rc7 38. Bb4 d4 39. Rxd6 e5 40. Kf3
h5 41. h4 g6 42. Rd5 e4+ 43. Kxe4 Rf7 44. f4 Kg7 45. Kxd4 Re7 46. Bxe7 Kf7 47.
Bg5 Kg7 48. Rd7+ Kf8 49. Ke5 Ke8 50. Ke6 Kf8 51. a4 Kg8 52. a5 Kh8 53. a6 Kg8
54. a7 Kh8 55. a8=R# 1-0

[Event "Junior Online 4NCL Division 1"]
[Site "online"]
[Date "2020.04.16"]
[Round "1.68"]
[White "Jaberansari, Benjamin"]
[Black "Triffitt, Bradley"]
[Result "0-1"]
[WhiteElo "1405"]
[BlackElo "1495"]
[PlyCount "48"]
[EventDate "2020.04.16"]
[WhiteTeam "Young Dragons"]
[BlackTeam "Hull and Friends 1"]

1. e4 c5 2. Nf3 Nc6 3. Nc3 Nf6 4. d4 cxd4 5. Nxd4 Nxd4 6. Qxd4 Qc7 7. e5 Ng8 8.
Bf4 e6 9. Bc4 Bc5 10. Qd3 Ne7 11. O-O Ng6 12. Be3 Nxe5 13. Qe2 Bxe3 14. Qxe3
Nxc4 15. b3 Nxe3 16. fxe3 Qxc3 17. Rac1 Qxe3+ 18. Kh1 O-O 19. Rce1 Qc5 20. Re2
b6 21. Rf4 Qg5 22. Ree4 Bb7 23. Rg4 Qc1+ 24. Re1 Qxe1# 0-1